000 00708cab a2200253 4500
001 ABS51991
008 090401t1994 xxu||||| |||| 00| 0 eng d
035 _a(Sirsi) u53967
041 _aeng
100 _aBlyth, A.
245 _aWorkload shows improvement
260 _c1994
350 _a0
490 _aArchitects` Journal
_v200(3) 15 December 1994, 37-40(4)
520 _aReviews the RIBA workload survey for 3Q 1994, which shows an increase in commissions.
650 _aARCHITECTS
650 _aFEES
650 _aRIBA SURVEY
650 _aWORKLOAD SURVEY
650 _aWORKLOAD
690 _aMANAGEMENT-BUSINESS MANAGEMENT-PROFESSIONAL PRACTICE
942 _n0
948 _c04/03/1997
999 _c33118
_d33118